000 00414nam a22001457a 4500
020 _a9788120323810
040 _cNUST
082 _a621.3193
_bRAP
100 _aRappaport, Theodore S.
_962771
245 _aWireless communications:
_bPrinciples and Practice
250 _a2nd Edition
260 _aNew Delhi:
_bPrentice-Hall of India,
_c2003.
650 _aMobile communication systems
_918556
942 _2ddc
_cBK
999 _c610935
_d610935